Größte deutsche Städte nach Buchstabe - I - Statistiken

Allgemein
  • Dieses Quiz wurde 205 mal gespielt
  • Das Durchschnittsergebnis liegt bei 5 aus 12
Antwortstatistiken
Land Einwohner Stadt % Korrekt
Bayern 137.392 Ingolstadt
99%
NRW 92.174 Iserlohn
76%
Thüringen 38.891 Ilmenau
62%
SH 31.803 Itzehoe
53%
RP 28.520 Idar-Oberstein
50%
NRW 51.822 Ibbenbüren
44%
RP 35.193 Ingelheim am Rhein
42%
Hessen 24.997 Idstein
30%
Bayern 17.482 Illertissen
29%
BW 14.191 Isny im Allgäu
27%
Bayern 14.314 Immenstadt im Allgäu
22%
NRW 10.636 Isselburg
5%
Keine übereinstimmenden Quizze gefunden
Verteilung der Resultate
Anzahl Personen mit jedem Resultat
Perzentil nach korrekt beantworteten Fragen
Ihre Resultats-Entwicklung
Sie haben dieses Quiz noch nicht gespielt